Rupture - Ben Mazué - Paroles - Statistiques

Statistiques générales
  • Ce quiz a été pris 21 fois
  • Le résultat moyen est 296 sur 358
Statistiques - réponses
Réponse % Correct
À
100%
à
100%
aimé
100%
ça
100%
Ça
100%
ce
100%
ces
100%
C'est
100%
c'est
100%
de
100%
d'savoir
100%
en
100%
est
100%
Et
100%
fin
100%
fini
100%
fini?
100%
fois
100%
Je
100%
je
100%
"je
100%
la
100%
100%
La
100%
le
100%
l'histoire
100%
Mais
100%
mais
100%
Mais,
100%
me
100%
ne
100%
n'est
100%
on
100%
On
100%
par
100%
parce
100%
pas
100%
pas,
100%
plus
100%
quand
100%
que
100%
qui
100%
quitte
100%
quitté
100%
quitte,
100%
rend
100%
sais,
100%
sais
100%
t'as
100%
te
100%
toi,
100%
toi"
100%
triste
100%
tu
100%
Tu
100%
"tu
100%
aussi
88%
des
88%
encore?
88%
enfants"
88%
essayé
88%
finirait
88%
fort
88%
géniale
88%
il
88%
J'ai
88%
j'ai
88%
l'amour,
88%
les
88%
l'on
88%
mal
88%
manque
88%
m'écoutes
88%
ou,
88%
Ou
88%
parler
88%
qu'on
88%
Qu'on
88%
raison
88%
suis
88%
sûr
88%
t'aime
88%
t'écoutes
88%
t'es
88%
tes
88%
un
88%
une
88%
y
88%
amis
75%
avant
75%
c'était
75%
dira
75%
dit
75%
d'l'humanitaire
75%
75%
d'une
75%
ensemble
75%
faire
75%
"faisons
75%
fait
75%
faute,
75%
habite
75%
J'aurais
75%
l'air,
75%
partagés
75%
plein
75%
prochaine
75%
projet
75%
promesses
75%
quitter,
75%
sans
75%
semaine
75%
si
75%
si,
75%
sont
75%
souvent
75%
tant
75%
t'en
75%
torts
75%
tout
75%
traumatisé
75%
tue
75%
vrai
75%
animal
63%
bien
63%
Comme
63%
comme
63%
compagnie
63%
c'qui
63%
d'agir
63%
D'ailleurs
63%
dévasté
63%
dis
63%
écouté
63%
être
63%
jamais
63%
j'le
63%
j't'écoute
63%
laisse
63%
m'dira
63%
m'écouter
63%
m'engager,
63%
mes
63%
meuf
63%
moi
63%
m'usait
63%
n'me
63%
peux
63%
plaie
63%
Qu'est-ce
63%
qu'j'ai
63%
qu'la
63%
tuait
63%
vas
63%
veux
63%
vois
63%
Ah
50%
"attends,
50%
attends,
50%
attends"
50%
chies"
50%
choisit
50%
cicatrisée
50%
expressions
50%
faudra
50%
flamme
50%
intégré
50%
J'lui
50%
m'avait
50%
m'proposera
50%
non
50%
partie
50%
phrases
50%
qu'c'était
50%
qu'il
50%
recherches
50%
répondrais
50%
trahit
50%
avis,
38%
chair
38%
d'aimer,
38%
dans
38%
d'ta
38%
j'dis
38%
j'pense
38%
j'y
38%
mon
38%
user
38%
agoniser
25%
cœur
25%
finies
25%
Toujours
25%
M'ont
0%
peur
0%
Aucun quiz correspondant
Distribution des résultats
% des personnes avec chaque résultat
Percentile par nombre de réponses
Votre historique - résultats
Vous n’avez pas pris ce quiz